[Event "Weiz op 13th"]
[Site "Weiz"]
[Date "2014.06.27"]
[Round "2"]
[White "Edenhauser, Manfred"]
[Black "Mostbauer, Florian"]
[Result "1/2-1/2"]
[WhiteElo "1849"]
[BlackElo "2103"]
[PlyCount "37"]
[EventDate "2014.06.26"]
[EventType "swiss"]
[EventRounds "5"]
[EventCountry "AUT"]
[SourceTitle "EXT 2024"]
[Source "ChessBase"]
[SourceDate "2023.10.10"]
[SourceVersion "1"]
[SourceVersionDate "2023.10.10"]
[SourceQuality "1"]

1. e4 c6 2. d4 d5 3. Nc3 dxe4 4. Nxe4 Nd7 5. Ng5 Ngf6 6. Bd3 e6 7. N1f3 Bd6 8. c3 h6 9. Ne4 Nxe4 10. Bxe4 Qc7 11. Bc2 b6 12. Qe2 Bb7 13. Be3 c5 14. dxc5 Bxc5 15. 0-0-0 0-0-0 16. Bd4 Qf4+ 17. Be3 Bxe3+ 18. fxe3 Bxf3 19. gxf3 1/2-1/2